Normal view
MARC view
- المعهد القضائي الاردني
Entry Personal Name
001 - CONTROL NUMBER
- control field: 46439
003 - CONTROL NUMBER IDENTIFIER
- control field: JO-AjAnu
005 - DATE AND TIME OF LATEST TRANSACTION
- control field: 20230606081656.0
008 - FIXED-LENGTH DATA ELEMENTS
- fixed length control field: 230606|| aca||aabn | a|a d
040 ## - CATALOGING SOURCE
- Original cataloging agency: JO-AjAnu
- Transcribing agency: JO-AjAnu
100 ## - HEADING--PERSONAL NAME
- Personal name: المعهد القضائي الاردني
670 ## - SOURCE DATA FOUND
- Source citation: Work cat.: (JO-AjAnu)23770: المعهد القضائي الاردني, author, المملكة الأردنية الهاشمية: وزارة العدل: المعهد القضائي الاردني